书目信息 |
| 题名: |
电子能谱基础
|
|
| 作者: | 赵良仲 , 潘承璜 编 | |
| 分册: | ||
| 出版信息: | 北京 科学出版社 1981 |
|
| 页数: | 321页 | |
| 开本: | 19cm | |
| 丛书名: | ||
| 单 册: | ||
| 中图分类: | O721 | |
| 科图分类: | ||
| 主题词: | X射线晶体学 , 电子能谱仪 | |
| 电子资源: | ||
| ISBN: | ||
| 000 | 00673nam0 2200253 45 | |
| 001 | 0181004977 | |
| 005 | 20060720110438.43 | |
| 010 | @dCNY1.60 | |
| 091 | @a13031.1650 | |
| 100 | @a19950619d1981 em y0chiy0121 ea | |
| 101 | 0 | @achi |
| 102 | @aCN@b110000 | |
| 105 | @ay z 000yy | |
| 200 | 10 | @a电子能谱基础@Adian zi neng pu ji chu@f潘承璜,赵良仲编 |
| 210 | @a北京@c科学出版社@d1981 | |
| 215 | @a321页@d19cm | |
| 606 | 0 | @aX射线晶体学 |
| 606 | @a电子能谱仪 | |
| 690 | @aO721 | |
| 701 | 0 | @a赵良仲@Azhao liang zhong@4编 |
| 701 | 0 | @a潘承璜@Apan cheng huang@4编 |
| 801 | 2 | @aCN@bNLC@c20060720 |
| 801 | 0 | @aCN@b上海图书馆@c20040520 |
| 905 | @f1@b63846@dO721@e2 | |
| 电子能谱基础/潘承璜,赵良仲编.-北京:科学出版社,1981 |
| 321页;19cm |
| ISBN :CNY1.60 |
| ● |
| 相关链接 |
|
|
|
|
正题名:电子能谱基础
索取号:O721/2
 
预约/预借
| 序号 | 登录号 | 条形码 | 馆藏地/架位号 | 状态 | 备注 |
| 1 | 0063846 | 000627307 | 第三借阅区/ [索取号:O721/2] | 在馆 | |
| 2 | 0063847 | 202100993 | 第二样本阅览室/ [索取号:O721/2] | 在馆 | |
| 3 | 0432477 | 204324775 | 密集书库/ [索取号:O721/2] | 在馆 |